The hardest words (Record no. 80101)
[ view plain ]
| 000 -LEADER | |
|---|---|
| fixed length control field | 01307cab a22002055a 4500 |
| 001 - CONTROL NUMBER | |
| control field | L143234 |
| 008 - FIXED-LENGTH DATA ELEMENTS--GENERAL INFORMATION | |
| fixed length control field | 080418e20080208xxk f v 000 0 eng d |
| 035 ## - SYSTEM CONTROL NUMBER | |
| System control number | (Sirsi) u143234 |
| 041 0# - LANGUAGE CODE | |
| Language code of text/sound track or separate title | eng |
| 100 1# - MAIN ENTRY--PERSONAL NAME | |
| Personal name | Ross, Jonathan |
| 245 04 - TITLE STATEMENT | |
| Title | The hardest words |
| Remainder of title | case news |
| 260 ## - PUBLICATION, DISTRIBUTION, ETC. | |
| Date of publication, distribution, etc. | 2008 |
| 490 #0 - SERIES STATEMENT | |
| Series statement | Property Week |
| Volume/sequential designation | 73(6) 8 February 2008, 74(1) |
| 520 ## - SUMMARY, ETC. | |
| Summary, etc. | The case of Risegold v Escala [2008] EWHC 21(Ch) shows that the meaning of commonly used words can often be unclear on closer scrutiny. A landlord (Risegold) sought to establish that a right to enter adjoining land to develop its property allows it to change the property into something different to what was there before. The neighbour, Escala, refused access claiming the developer's access rights were limited to renewal and rebuilding, not redevelopment. The court had to decide the meaning of wordings in the transfer document obtained by the developer when it purchased the property. The judge noted there was no restriction on any development; the issue was whether it can use the neighbour's land to do so. The court found for Escala and the development cannot go ahead. (See L143237). |
| 590 ## - LOCAL NOTE (RLIN) | |
| Local note | KA |
| 650 24 - SUBJECT ADDED ENTRY--TOPICAL TERM | |
| Topical term or geographic name entry element | RISEGOLD LTD V ESCALA LTD |
| 651 #4 - SUBJECT ADDED ENTRY--GEOGRAPHIC NAME | |
| Geographic name | England and Wales |
| Chronological subdivision | 1543- |
| 690 ## - LOCAL SUBJECT ADDED ENTRY--TOPICAL TERM (OCLC, RLIN) | |
| Topical term or geographic name as entry element | Boundary disputes |
| 9 (RLIN) | 6221 |
| 942 ## - ADDED ENTRY ELEMENTS (KOHA) | |
| Suppress in OPAC | 0 |
| Withdrawn status | Lost status | Source of classification or shelving scheme | Damaged status | Not for loan | Home library | Current library | Shelving location | Date acquired | Total Checkouts | Full call number | Barcode | Date last seen | Copy number | Price effective from | Koha item type |
|---|---|---|---|---|---|---|---|---|---|---|---|---|---|---|---|
| Dewey Decimal Classification | London | London | Journal article | 18/04/2008 | L143234 | 143234-1001 | 06/08/2019 | 1 | 06/08/2019 | Journal article |